000 00432nam a2200157 4500
001 143209
003 ES-MaACL
005 20230906200742.0
007 t|
008 070214s1968 sp r ||||1| spa d
100 1 _aSerrano, Vicente.
_9105723
245 1 0 _aEspiritualidad del desierto /
_cVicente Serrano.
260 _aMadrid :
_bStudium,
_c1968 (
_fHalar)
300 _a189 p. ;
_c18 cm.
852 _aES-MaACL
_jC-37188
_bR.67971
999 _c143209
_d143209